| 000 | 01003nam2a22002771 4500 | ||
|---|---|---|---|
| 001 | v19\rc\1491599 | ||
| 005 | 20250618125038.0 | ||
| 035 | _a(NLR Aleph) 004570621 | ||
| 090 |
_a2397591 _c2397591 |
||
| 100 | _a20060620d1912 |||y0rusy50 ca | ||
| 101 | 0 | _arus | |
| 102 | _aRU | ||
| 105 | _ay z ||||| | ||
| 200 | 0 |
_aза 1911 год _e(32-й...) |
|
| 210 |
_d1912 _aБ. м. |
||
| 215 | _a19, 12 с. | ||
| 461 | 0 |
_1001v19\rc\1491571 _12001#$aОтчет...$fАлексеевское горнопром. о-во$vза 1911 год _92397311 _aАлексеевское горнопромышленное о-во (Петербург) _cХарьков _d1881-1913 _fАлексеевское горнопром. о-во _tОтчет... _vза 1911 год |
|
| 801 | 0 |
_aRU _bNLR _gpsbo |
|
| 801 | 0 |
_aRU _bRuMoRGB _2psbo |
|
| 801 | 1 |
_aRU _bProSoft-M _2rusmarc |
|
| 852 |
_aNLR _j19.491.71(4) |
||
| 899 |
_aRuMoRGB _jA 232/20 |
||
| 899 |
_aRuMoRGB _jA 324/306 |
||
| 899 | _aБАН (1891-1912*) | ||
| 942 | _cBOOK | ||
| 980 | _aNB | ||